000 00897nam a2200229Ia 4500
999 _c45312
_d45312
001 12136
003 GE_BSU
005 20221118152652.0
008 181216s2013en xx |||||||||||||| ||eng||
020 _a9781409465157x
040 _cGE_BSU
041 _aeng
080 _a338.22 H-75
100 _aHolder,frank.
_915934
245 _aIntegrity in business.Developing Etical Behavion Across Coultures and Jurisdictions /
_cfrank Holder.
264 _aBurligton :
_bGower,
_c2013.
300 _a117 p:.
_b24 cm.
653 _aIntegrity in business.Developing Etical Behavion Across Coultures and Jurisdictions.
653 _aმთლიანობა ბიზნესში. ეთიკური ქცევის განვითარება კულტურასა და იურისდიქციაში
653 _aეკონომიკა
942 _cBK
_2udc